[Event "Championnat de France"]
[Site "Val d'Isere"]
[Date "2002.08.26"]
[Round "9"]
[White "Milliet, Sophie"]
[Black "Armas, Friedericke"]
[Result "1/2-1/2"]
[WhiteElo "2173"]
[BlackElo "2170"]
[PlyCount "173"]
[EventDate "2002.08.??"]

1. e4 c5 2. Nc3 Nc6 3. f4 g6 4. Nf3 Bg7 5. Bb5 Nd4 6. O-O Nh6 7. Bc4 O-O 8.
Nxd4 cxd4 9. Ne2 e6 10. Bb3 d5 11. e5 f6 12. exf6 Bxf6 13. d3 Bg7 14. Kh1 Kh8
15. Ng1 Nf7 16. Nf3 b5 17. a4 b4 18. a5 Rb8 19. Bd2 Qd6 20. Qe1 Bd7 21. Qh4 Qc5
22. h3 Kg8 23. Rfe1 Rbe8 24. Re2 Qd6 25. Qe1 Rb8 26. Ba4 Bc8 27. Bb3 Bd7 28.
Ba4 Bc8 29. Ne5 Nxe5 30. fxe5 Qc5 31. Qh4 Qxa5 32. Qxd4 Qc7 33. Bb3 a5 34. Bf4
Kh8 35. Bg3 Bd7 36. Kh2 Ra8 37. Ba4 Bxa4 38. Rxa4 Rf1 39. Qg4 Qf7 40. c3 Qd7
41. Ra2 bxc3 42. bxc3 a4 43. Reb2 Qa7 44. Bf2 Qf7 45. Qe2 Rxf2 46. Qxf2 Qxf2
47. Rxf2 Bxe5+ 48. g3 Bxc3 49. Rfc2 d4 50. Re2 Ra6 51. Kg2 Kg7 52. Kf3 Kf6 53.
Ke4 a3 54. Rf2+ Ke7 55. g4 Ra5 56. Rf1 Kd6 57. Rf7 Re5+ 58. Kf3 Bb2 59. Rxh7
Re3+ 60. Kg2 Ke5 61. Rf7 Rxd3 62. h4 Rd2+ 63. Kf3 Rh2 64. Kg3 Rh1 65. Rf3 Kd5
66. h5 gxh5 67. g5 Kc4 68. Kg2 Rh4 69. Raxa3 Bxa3 70. Rxa3 Rg4+ 71. Rg3 Rxg3+
72. Kxg3 d3 73. Kf2 Kc3 74. g6 d2 75. g7 d1=Q 76. g8=Q Qc2+ 77. Ke1 Qe4+ 78.
Kf2 Qf4+ 79. Ke1 Qe3+ 80. Kf1 Kd2 81. Qg2+ Kd1 82. Qc6 Qe1+ 83. Kg2 h4 84. Qa4+
Ke2 85. Qc4+ Kd2 86. Qb4+ Kd1 87. Qa4+ 1/2-1/2

[Event "Championnat de France"]
[Site "Val d'Isere"]
[Date "2002.08.26"]
[Round "9"]
[White "Marchadour, Claire"]
[Black "Costagliola, Marina"]
[Result "1-0"]
[WhiteElo "2081"]
[BlackElo "2238"]
[PlyCount "41"]
[EventDate "2002.08.??"]

1. e4 e5 2. Nf3 Nc6 3. d4 exd4 4. Nxd4 Bc5 5. Nxc6 Qf6 6. Qd2 Qxc6 7. Bd3 a6 8.
O-O Ne7 9. b4 Bd4 10. c3 Ba7 11. c4 O-O 12. Bb2 d6 13. Nc3 f6 14. Nd5 Qd7 15.
Rad1 Ng6 16. Bc2 Kh8 17. Bd4 Bxd4 18. Qxd4 Ne7 19. c5 dxc5 20. Qxc5 Nxd5 21.
Qxf8# 1-0

[Event "Championnat de France"]
[Site "Val d'Isere"]
[Date "2002.08.26"]
[Round "10"]
[White "Flear, Christine"]
[Black "Lallemand, Roza"]
[Result "0-1"]
[WhiteElo "2176"]
[BlackElo "2301"]
[PlyCount "70"]
[EventDate "2002.08.??"]

1. d4 Nf6 2. c4 d6 3. Nc3 Nbd7 4. e4 e5 5. d5 g6 6. Bd3 Bg7 7. Nge2 O-O 8. f3
Nh5 9. Be3 f5 10. Qd2 c6 11. Bc2 Nb6 12. dxc6 bxc6 13. c5 Nc4 14. Bb3 d5 15.
Bxc4 dxc4 16. Rd1 Be6 17. O-O Qe7 18. Qd6 Qe8 19. Qc7 f4 20. Bf2 Rf7 21. Qa5 g5
22. Rd2 g4 23. fxg4 Bxg4 24. Rfd1 Bf6 25. h3 Be6 26. Kh2 Rg7 27. Rd6 Kh8 28.
Qa4 Rc8 29. Rg1 Rg6 30. b4 Be7 31. Rdd1 Qf7 32. Qxa7 Rcg8 33. Qc7 Qg7 34. g4
fxg3+ 35. Nxg3 Nxg3 0-1

[Event "Championnat de France"]
[Site "Val d'Isere"]
[Date "2002.08.26"]
[Round "10"]
[White "Muller, anne"]
[Black "Costagliola, Marina"]
[Result "0-1"]
[WhiteElo "2169"]
[BlackElo "2238"]
[PlyCount "52"]
[EventDate "2002.08.??"]

1. e4 e5 2. Nf3 Nc6 3. Bb5 Nd4 4. Nxd4 exd4 5. Bc4 Qh4 6. d3 Nf6 7. O-O Bc5 8.
Nd2 O-O 9. Nf3 Qh5 10. c3 dxc3 11. bxc3 d5 12. exd5 Bd6 13. d4 Nxd5 14. Qb3 Nf4
15. Ne5 Bxe5 16. dxe5 Nxg2 17. Bd5 Nh4 18. f4 Bh3 19. Rf2 Qg6+ 20. Kh1 c6 21.
c4 Bf5 22. Ba3 cxd5 23. Qg3 Rfc8 24. cxd5 Be4+ 25. Kg1 Nf3+ 26. Kf1 Qa6+ 0-1

[Event "Championnat de France"]
[Site "Val d'Isere"]
[Date "2002.08.26"]
[Round "10"]
[White "Dubois, Martine"]
[Black "Verot, Melanie"]
[Result "1-0"]
[WhiteElo "2049"]
[BlackElo "2077"]
[PlyCount "39"]
[EventDate "2002.08.??"]

1. e4 c5 2. c3 d5 3. exd5 Qxd5 4. d4 Nc6 5. Nf3 Bg4 6. dxc5 Qxd1+ 7. Kxd1 e5 8.
b4 a5 9. Bb5 Nge7 10. a3 O-O-O+ 11. Nbd2 e4 12. h3 Bh5 13. g4 Bxg4 14. hxg4
exf3 15. Kc2 Ne5 16. g5 Nd5 17. Nc4 Nxc4 18. Bxc4 b6 19. Rd1 Ne7 20. Ba6+ 1-0

[Event "Championnat de France"]
[Site "Val d'Isere"]
[Date "2002.08.26"]
[Round "10"]
[White "Delahaye, Raphaelle"]
[Black "Milliet, Sophie"]
[Result "1-0"]
[WhiteElo "2166"]
[BlackElo "2173"]
[PlyCount "79"]
[EventDate "2002.08.??"]

1. c4 e5 2. Nc3 Nc6 3. g3 g6 4. Bg2 Bg7 5. Nf3 d6 6. d3 Nf6 7. O-O h6 8. Rb1
Be6 9. Ne1 Qd7 10. Nd5 Rc8 11. f4 Bh3 12. fxe5 Nxd5 13. e6 fxe6 14. Bxh3 Nde7
15. Ng2 Nd8 16. e4 Qc6 17. Be3 g5 18. b4 Qa6 19. Qd2 c5 20. b5 Qb6 21. Qe2 Kd7
22. a4 Ng6 23. Bd2 Ne5 24. Ne3 Ke7 25. Bxe6 Nxe6 26. Nd5+ Kd7 27. Nxb6+ axb6
28. Qh5 Rce8 29. h3 Nd4 30. Be3 Nc2 31. Qe2 Nxe3 32. Qxe3 Nxc4 33. Rf7+ Re7 34.
Qf3 Bd4+ 35. Kh2 Ne5 36. Qf5+ Ke8 37. Rxe7+ Kxe7 38. Rf1 g4 39. Qf6+ Kd7 40.
Qg7+ 1-0

[Event "Championnat de France"]
[Site "Val d'Isere"]
[Date "2002.08.26"]
[Round "11"]
[White "Lallemand, Roza"]
[Black "Armas, Frederike"]
[Result "1-0"]
[WhiteElo "2301"]
[BlackElo "2170"]
[PlyCount "81"]
[EventDate "2002.08.??"]

1. e4 c5 2. Nc3 Nc6 3. f4 g6 4. Nf3 Bg7 5. Bb5 Nd4 6. Bd3 Nh6 7. Nxd4 cxd4 8.
Ne2 O-O 9. O-O d5 10. Ng3 dxe4 11. Bxe4 Bg4 12. Qe1 Rc8 13. b3 Nf5 14. Bb2 Qd7
15. c4 Nxg3 16. Qxg3 Bf5 17. d3 b5 18. Rae1 Kh8 19. Bxf5 gxf5 20. Qh4 Bf6 21.
Qh5 e6 22. Qh6 Bg7 23. Qh4 Rg8 24. Rf3 Qd8 25. Qh5 bxc4 26. Rh3 h6 27. dxc4 Qf6
28. Rd3 Rgd8 29. Red1 Bf8 30. Kh1 Bc5 31. b4 Qg6 32. Qxg6 fxg6 33. bxc5 Kg8 34.
Bxd4 Rb8 35. h3 Kf7 36. Be5 Rxd3 37. Rxd3 Rb1+ 38. Kh2 Rc1 39. c6 Rxc4 40. c7
Ke7 41. Rd8 1-0

[Event "Championnat de France"]
[Site "Val d'Isere"]
[Date "2002.08.26"]
[Round "11"]
[White "Costagliola, Marina"]
[Black "Dacalor, Aurelie"]
[Result "1/2-1/2"]
[WhiteElo "2238"]
[BlackElo "2123"]
[PlyCount "26"]
[EventDate "2002.08.??"]

1. e4 e6 2. d4 d5 3. Nc3 Nf6 4. e5 Nfd7 5. f4 c5 6. Nf3 Nc6 7. Be3 cxd4 8. Nxd4
Bb4 9. Kf2 O-O 10. g3 Qe7 11. Bd3 Nc5 12. Kg2 Nxd3 13. Qxd3 Bd7 1/2-1/2